Capitale d'Europe - Quiz - Statistiques

Statistiques générales
  • Ce quiz a été pris 65 fois
  • Le résultat moyen est 28 sur 45
Statistiques - réponses
Par images Réponse % Correct
Paris
100%
Londres
95%
Rome
89%
Athènes
88%
Dublin
88%
Kiev
86%
Moscou
86%
Berlin
80%
Bruxelles
80%
Madrid
80%
Lisbonne
79%
Oslo
79%
Stockholm
79%
Amsterdam
77%
Berne
75%
Helsinki
75%
Budapest
73%
Vatican
71%
Sofia
70%
Monaco
68%
Bucarest
66%
Luxembourg
66%
Vienne
64%
Zagreb
64%
Prague
63%
Reykjavik
63%
Varsovie
63%
Tirana
61%
La valette
59%
Saint-Marin
54%
Tallin
50%
Belgrade
46%
Riga
46%
Sarajevo
46%
Minsk
45%
Vilnius
45%
Bratislava
41%
Skopje
41%
Vaduz
41%
Ljubljana
39%
Chisinau
34%
Podgorica
30%
Andorre-La-Vielle
14%
Kosovo
7%
Danemark
5%
Aucun quiz correspondant
Distribution des résultats
% des personnes avec chaque résultat
Percentile par nombre de réponses
Votre historique - résultats
Vous n’avez pas pris ce quiz